[Event "XIII Abierto de La Pobla de Lillet"]
[Site "Barcelona"]
[Date "2003.??.??"]
[Round "6"]
[White "Jose Iraeta, Alexandre"]
[Black "Garcia Galeote, Lorenzo"]
[Result "1/2-1/2"]
[WhiteElo "2191"]
[BlackElo "2123"]
[PlyCount "149"]
[EventDate "2003.08.02"]
[Source "lmi"]
[SourceDate "2003.08.10"]

1. d4 d5 2. Nf3 Nf6 3. c4 e6 4. e3 Be7 5. Nbd2 O-O 6. Bd3 b6 7. O-O Bb7 8. Qc2
Na6 9. a3 c5 10. b3 cxd4 11. exd4 Rc8 12. Bb2 Rc7 13. Rfe1 h6 14. Qd1 Qa8 15.
Qe2 Nb8 16. Qe5 Rd7 17. Qg3 Nh5 18. Qg4 Nf6 19. Qh3 Ne4 20. Rad1 Bf6 21. Qg4
Nxd2 22. Nxd2 Rfd8 23. a4 Nc6 24. cxd5 Rxd5 25. Ne4 Be7 26. Ng3 Nb4 27. Be4 Rg5
28. Qe2 Bxe4 29. Nxe4 Rg6 30. g3 Nd5 31. Qf3 Bb4 32. Re2 Kh8 33. h4 Nf6 34. Rd3
Nxe4 35. Qxe4 Rd5 36. Rc2 Qd8 37. Bc1 e5 38. Be3 Qd7 39. Rc8+ Qxc8 40. Qxd5
exd4 41. Rxd4 Qf8 42. Qd8 Re6 43. Qxf8+ Bxf8 44. Rd7 Re7 45. Rd8 Kg8 46. a5 f5
47. axb6 axb6 48. Bxb6 Re1+ 49. Kg2 Kf7 50. Rd3 Re8 51. h5 Rb8 52. Be3 Ke6 53.
Kf3 Be7 54. Ke2 Rb5 55. Bf4 Ra5 56. Re3+ Kf6 57. Kd3 Rb5 58. Kc2 Ra5 59. Re2
Rc5+ 60. Kb2 Rb5 61. Bd2 Bb4 62. Bxb4 Rxb4 63. f4 g6 64. hxg6 Kxg6 65. Re6+ Kh5
66. Kc3 Rb8 67. b4 Rg8 68. Re3 Kg4 69. b5 h5 70. Kc4 h4 71. gxh4 Kxf4 72. Re1
Rh8 73. Rh1 Kg3 74. Rg1+ Kf2 75. Rg5 1/2-1/2

[Event "XIII Abierto de La Pobla de Lillet"]
[Site "Barcelona"]
[Date "2003.??.??"]
[Round "6"]
[White "Westerinen, Heikki MJ"]
[Black "Trias Fernandez, Ramon"]
[Result "1-0"]
[WhiteElo "2351"]
[BlackElo "2091"]
[PlyCount "61"]
[EventDate "2003.08.02"]
[Source "lmi"]
[SourceDate "2003.08.10"]

1. e4 c5 2. Nf3 d6 3. c3 Nf6 4. h3 g6 5. Bd3 Bg7 6. Bc2 Nc6 7. d4 Nd7 8. O-O
O-O 9. Na3 a6 10. Nc4 b5 11. Ne3 e6 12. d5 Nce5 13. Nh2 Nb6 14. b3 exd5 15.
exd5 f5 16. f4 Ned7 17. Bd2 b4 18. cxb4 Bxa1 19. Qxa1 Bb7 20. bxc5 dxc5 21. Ba5
Qf6 22. Bc3 Qd6 23. Be5 Nxe5 24. fxe5 Qd7 25. d6 f4 26. Neg4 Qc6 27. Nf3 c4 28.
Qd4 Rfd8 29. Be4 Qc8 30. e6 Bxe4 31. Nh6+ 1-0

[Event "XIII Abierto de La Pobla de Lillet"]
[Site "Barcelona"]
[Date "2003.??.??"]
[Round "6"]
[White "Dischinger, Frank"]
[Black "Moreno Fernandez, Hector"]
[Result "1/2-1/2"]
[WhiteElo "2227"]
[BlackElo "2075"]
[PlyCount "42"]
[EventDate "2003.08.02"]
[Source "lmi"]
[SourceDate "2003.08.10"]

1. e4 c5 2. c3 d5 3. exd5 Qxd5 4. d4 Nf6 5. Be3 cxd4 6. cxd4 Nc6 7. Nc3 Qd6 8.
d5 Ne5 9. Nf3 Nxf3+ 10. Qxf3 a6 11. Bc4 b5 12. Bb3 Bb7 13. O-O-O g6 14. Rhe1
Bg7 15. Bf4 Qd7 16. Qe3 Rc8 17. Kb1 Ng4 18. Qg3 O-O 19. h3 Nf6 20. Qe3 b4 21.
Na4 Qf5+ 1/2-1/2

[Event "XIII Abierto de La Pobla de Lillet"]
[Site "Barcelona"]
[Date "2003.??.??"]
[Round "6"]
[White "Companyo Pagerols, Josep M"]
[Black "Moreno de la Fuente, Jose A"]
[Result "0-1"]
[WhiteElo "2072"]
[BlackElo "2128"]
[PlyCount "62"]
[EventDate "2003.08.02"]
[Source "lmi"]
[SourceDate "2003.08.10"]

1. f4 Nf6 2. Nf3 g6 3. b3 Bg7 4. Bb2 O-O 5. e3 c5 6. Be2 d6 7. O-O Nc6 8. Bb5
Bd7 9. d3 a6 10. Bxc6 Bxc6 11. Qe1 b5 12. Nbd2 a5 13. Qh4 a4 14. a3 b4 15. f5
bxa3 16. Rxa3 axb3 17. Rxa8 Qxa8 18. cxb3 Qa2 19. Ba1 Bxf3 20. Nxf3 Qxb3 21.
fxg6 fxg6 22. Ne1 Ra8 23. Bxf6 Bxf6 24. Qe4 Ra1 25. Qf3 Kg7 26. g4 Qd1 27. Qf4
g5 28. Qf3 Qd2 29. h4 Rxe1 30. hxg5 Rxf1+ 31. Kxf1 Qxd3+ 0-1

[Event "XIII Abierto de La Pobla de Lillet"]
[Site "Barcelona"]
[Date "2003.??.??"]
[Round "6"]
[White "Mila Tejera, Jordi"]
[Black "Amor Alcaide, Manuel"]
[Result "1-0"]
[WhiteElo "2043"]
[BlackElo "2116"]
[PlyCount "109"]
[EventDate "2003.08.02"]
[Source "lmi"]
[SourceDate "2003.08.10"]

1. d4 g6 2. Bg5 Nf6 3. Bxf6 exf6 4. e3 Bg7 5. g3 c6 6. Bg2 d5 7. Ne2 Qb6 8. b3
Na6 9. O-O f5 10. Nd2 Qd8 11. c4 Nc7 12. Rb1 O-O 13. b4 dxc4 14. Nxc4 Be6 15.
Na5 Rb8 16. Nc3 Nd5 17. Nxd5 Bxd5 18. Bxd5 Qxd5 19. Qc2 Rfc8 20. Rfc1 Bf8 21.
Qc4 Rd8 22. b5 Qxc4 23. Rxc4 cxb5 24. Rxb5 Rd7 25. Nc6 Ra8 26. Ne5 Re7 27. Rbc5
f6 28. Nd3 b6 29. Rc7 Kf7 30. Rxe7+ Bxe7 31. Rc7 Ke6 32. Kf1 Kd6 33. Rc2 a5 34.
a4 Rb8 35. Ke2 b5 36. Rc5 Kd7 37. Rxb5 Rxb5 38. axb5 Kc7 39. Nf4 Bd8 40. Nd5+
Kd6 41. Nc3 Be7 42. Kd3 Kd7 43. Kc4 h5 44. Nd5 Bd8 45. Nf4 g5 46. Nxh5 Kc7 47.
Ng7 Kb6 48. Nxf5 a4 49. Kb4 a3 50. Kxa3 Kxb5 51. h4 gxh4 52. gxh4 Kc6 53. h5
Kd5 54. h6 Ke6 55. h7 1-0

[Event "XIII Abierto de La Pobla de Lillet"]
[Site "Barcelona"]
[Date "2003.??.??"]
[Round "6"]
[White "Escofet Llongueras, Joan"]
[Black "Gomez Velasco, Juan Pablo"]
[Result "0-1"]
[WhiteElo "2024"]
[BlackElo "2098"]
[PlyCount "130"]
[EventDate "2003.08.02"]
[Source "lmi"]
[SourceDate "2003.08.10"]

1. c4 g6 2. Nc3 Bg7 3. g3 Nf6 4. Bg2 c6 5. e4 d6 6. d4 O-O 7. Nge2 e5 8. d5 c5
9. O-O Ne8 10. f4 f5 11. h3 Nd7 12. exf5 gxf5 13. fxe5 Nxe5 14. b3 Nc7 15. Bf4
Bd7 16. Qd2 b5 17. cxb5 Nxb5 18. Rac1 Rc8 19. Rfe1 a6 20. Bg5 Bf6 21. Bxf6 Qxf6
22. Nxb5 axb5 23. Nf4 Kh8 24. Kh2 b4 25. Nd3 Nxd3 26. Qxd3 f4 27. Rf1 Qe5 28.
gxf4 Rxf4 29. Qg3 Rxf1 30. Qxe5+ dxe5 31. Bxf1 Kg7 32. Bd3 h6 33. Rg1+ Kf7 34.
Rg6 c4 35. bxc4 Rxc4 36. Rxh6 Rd4 37. Rh7+ Ke8 38. Bf1 Rd2+ 39. Kg3 Rxa2 40. d6
Rd2 41. Re7+ Kd8 42. Rxe5 Rxd6 43. Bb5 Be6 44. Kf2 b3 45. Re1 b2 46. Rb1 Rd2+
47. Ke3 Rh2 48. Rd1+ Kc7 49. Bd3 Rxh3+ 50. Kd2 Ba2 51. Bb1 Bb3 52. Re1 Kd6 53.
Re3 Rh2+ 54. Kc3 Bf7 55. Rd3+ Kc5 56. Rd2 Rxd2 57. Kxd2 Kb4 58. Kc2 Ka3 59. Kc3
Be6 60. Kd2 Kb3 61. Kd1 Kc3 62. Ke2 Bb3 63. Ke1 Bc2 64. Ba2 Kb4 65. Kd2 Bf5 0-1

[Event "XIII Abierto de La Pobla de Lillet"]
[Site "Barcelona"]
[Date "2003.??.??"]
[Round "7"]
[White "Borges Mateos, Juan"]
[Black "De la Paz, Frank"]
[Result "0-1"]
[WhiteElo "2441"]
[BlackElo "2442"]
[PlyCount "66"]
[EventDate "2003.08.02"]
[Source "lmi"]
[SourceDate "2003.08.10"]

1. e4 e5 2. Nf3 Nc6 3. Bb5 Nf6 4. O-O Bc5 5. Bxc6 dxc6 6. d3 Qe7 7. Be3 O-O 8.
Nbd2 Bg4 9. h3 Bxf3 10. Nxf3 Rad8 11. Qe1 Nd7 12. Rd1 Rfe8 13. Nd2 Nf8 14. f4
exf4 15. Rxf4 Qe5 16. Rf2 Bxe3 17. Qxe3 Qxb2 18. Nb3 b6 19. d4 Qa3 20. Qc3 Qd6
21. Qc4 Qe6 22. d5 Qg6 23. Rf4 cxd5 24. exd5 Qd6 25. Rfd4 Ng6 26. Qf1 Re3 27.
c4 Rde8 28. R4d3 Nf4 29. Rxe3 Rxe3 30. Nd4 Qe5 31. Nc6 Qe4 32. Nd4 Rg3 33. Rd2
Rxg2+ 0-1

[Event "XIII Abierto de La Pobla de Lillet"]
[Site "Barcelona"]
[Date "2003.??.??"]
[Round "7"]
[White "Peralta, Fernando"]
[Black "Asensio Lisan, Teodoro"]
[Result "1/2-1/2"]
[WhiteElo "2505"]
[BlackElo "2222"]
[PlyCount "72"]
[EventDate "2003.08.02"]
[Source "lmi"]
[SourceDate "2003.08.10"]

1. Nf3 Nc6 2. d4 d5 3. c4 Bg4 4. e3 e5 5. Qb3 Bb4+ 6. Bd2 Bxf3 7. gxf3 Bxd2+ 8.
Nxd2 exd4 9. cxd5 dxe3 10. fxe3 Qh4+ 11. Kd1 Nd8 12. Rc1 Ne7 13. Rxc7 O-O 14.
Bd3 a5 15. Kc2 Qf6 16. Ne4 Qxf3 17. Rf1 a4 18. Qc3 Qh3 19. Rxe7 Rc8 20. Nc5 b6
21. Kb1 Rxc5 22. Qe5 Nc6 23. dxc6 Rxe5 24. Rxe5 Qxh2 25. Rd5 g6 26. Rd7 Rc8 27.
Bb5 Qh3 28. c7 Qh4 29. Ba6 Qe4+ 30. Ka1 a3 31. Rd8+ Kg7 32. Rxc8 Qe5 33. Rb1
Kh6 34. Bc4 Qxe3 35. Rd8 axb2+ 36. Rxb2 Qc1+ 1/2-1/2

[Event "XIII Abierto de La Pobla de Lillet"]
[Site "Barcelona"]
[Date "2003.??.??"]
[Round "7"]
[White "Baches Garcia, Guillermo"]
[Black "Garcia Galeote, Lorenzo"]
[Result "1-0"]
[WhiteElo "2399"]
[BlackElo "2123"]
[PlyCount "57"]
[EventDate "2003.08.02"]
[Source "lmi"]
[SourceDate "2003.08.10"]

1. e4 e5 2. Nf3 Nf6 3. Nxe5 Nxe4 4. Qe2 Qe7 5. Qxe4 d6 6. d4 dxe5 7. Qxe5 Qxe5+
8. dxe5 Bf5 9. c3 Nd7 10. f4 O-O-O 11. Be3 Bc5 12. Bxc5 Nxc5 13. Nd2 Bc2 14.
Nf3 f6 15. Be2 Bd3 16. Rd1 g5 17. fxg5 fxe5 18. b4 Bxe2 19. Kxe2 Ne4 20. Rxd8+
Rxd8 21. Rc1 Rg8 22. h4 Nd6 23. Ke3 h6 24. gxh6 Rh8 25. Nxe5 Rxh6 26. Rf1 Kd8
27. g3 Re6 28. Kd4 Nb5+ 29. Kd5 1-0

[Event "XIII Abierto de La Pobla de Lillet"]
[Site "Barcelona"]
[Date "2003.??.??"]
[Round "7"]
[White "Fabre Massana, Miquel"]
[Black "Westerinen, Heikki MJ"]
[Result "1/2-1/2"]
[WhiteElo "2115"]
[BlackElo "2351"]
[PlyCount "203"]
[EventDate "2003.08.02"]
[Source "lmi"]
[SourceDate "2003.08.10"]

1. e4 e5 2. Nf3 Nc6 3. d4 exd4 4. Nxd4 Qh4 5. Nb5 Bb4+ 6. Bd2 Bxd2+ 7. Nxd2 Qd8
8. Qg4 Kf8 9. Qf4 d6 10. Bc4 Nf6 11. O-O-O a6 12. Nc3 Qe7 13. Rhe1 Ne5 14. Nd5
Nxd5 15. Bxd5 h5 16. h3 c6 17. Bb3 Be6 18. Qe3 Bxb3 19. Qxb3 b5 20. f4 Nd7 21.
e5 dxe5 22. fxe5 Rh6 23. Nf3 Nb6 24. Kb1 Nc4 25. a3 Re8 26. Qd3 Kg8 27. Qf5 Qe6
28. g4 hxg4 29. hxg4 Qxf5 30. gxf5 Rh5 31. e6 Rxf5 32. e7 f6 33. Nd4 Rc5 34. b4
Re5 35. Nxc6 Nxa3+ 36. Kc1 Rxe1 37. Rxe1 Nc4 38. Re6 Nb6 39. Nd4 Nd5 40. Rxa6
Rxe7 41. Nxb5 Nxb4 42. Rd6 Re5 43. Nd4 f5 44. Kd2 f4 45. c4 Ra5 46. Rg6 Kf7 47.
Rg4 g5 48. Nf3 Kf6 49. Nxg5 Rxg5 50. Rxf4+ Ke5 51. Rh4 Rg3 52. Ke2 Nd3 53. c5
Nxc5 54. Rh8 Nd3 55. Kd2 Ke4 56. Ra8 Ne5 57. Re8 Rd3+ 58. Kc2 Rd7 59. Kc3 Rc7+
60. Kd2 Kd4 61. Rd8+ Kc4 62. Ke3 Nc6 63. Re8 Ra7 64. Re4+ Kd5 65. Re8 Ra3+ 66.
Kf4 Ra1 67. Rc8 Rf1+ 68. Ke3 Rf7 69. Rh8 Re7+ 70. Kf4 Re4+ 71. Kf3 Ne5+ 72. Kf2
Ra4 73. Ke2 Ng6 74. Rd8+ Ke4 75. Kd2 Nf4 76. Re8+ Kd4 77. Rd8+ Nd5 78. Ke2 Ra3
79. Kf2 Rh3 80. Ke2 Re3+ 81. Kf2 Re5 82. Kf3 Kd3 83. Rd6 Rf5+ 84. Kg4 Rf4+ 85.
Kg3 Rd4 86. Kf3 Kd2 87. Ra6 Rf4+ 88. Kg3 Rf5 89. Rd6 Ke2 90. Ra6 Rg5+ 91. Kh4
Rg8 92. Ra1 Kf3 93. Rf1+ Ke4 94. Rf2 Ne3 95. Ra2 Nf5+ 96. Kh3 Kf3 97. Ra3+ Ne3
98. Kh4 Rg1 99. Kh5 Kf4 100. Ra4+ Ke5 101. Ra5+ Nd5 102. Kh4 1/2-1/2

[Event "XIII Abierto de La Pobla de Lillet"]
[Site "Barcelona"]
[Date "2003.??.??"]
[Round "7"]
[White "Peric, Slavisa"]
[Black "Pascual Genoves, Marc"]
[Result "1-0"]
[WhiteElo "2251"]
[BlackElo "2092"]
[PlyCount "53"]
[EventDate "2003.08.02"]
[Source "lmi"]
[SourceDate "2003.08.10"]

1. d4 d5 2. Nf3 c5 3. e3 Nc6 4. c4 e6 5. Nc3 Nf6 6. a3 a6 7. cxd5 exd5 8. Be2
Bd6 9. dxc5 Bxc5 10. b4 Ba7 11. b5 axb5 12. Nxb5 Bb8 13. Bb2 O-O 14. O-O Be6
15. Nbd4 Ne4 16. Rc1 Qd6 17. Nb5 Qe7 18. Nbd4 Qd6 19. Nxc6 bxc6 20. Be5 Qe7 21.
Bxb8 Rfxb8 22. Nd4 Qxa3 23. Rxc6 Rb2 24. Nxe6 fxe6 25. Bg4 Rf8 26. Bxe6+ Kh8
27. Qc1 1-0

[Event "XIII Abierto de La Pobla de Lillet"]
[Site "Barcelona"]
[Date "2003.??.??"]
[Round "7"]
[White "Masachs Vendrell, Francesco"]
[Black "Jose Iraeta, Alexandre"]
[Result "0-1"]
[WhiteElo "2006"]
[BlackElo "2191"]
[PlyCount "42"]
[EventDate "2003.08.02"]
[Source "lmi"]
[SourceDate "2003.08.10"]

1. Nf3 d5 2. d4 Bf5 3. c4 e6 4. Qb3 Nc6 5. Bf4 Bxb1 6. Rxb1 Bb4+ 7. Bd2 dxc4 8.
Qxc4 Bxd2+ 9. Nxd2 Qxd4 10. Qb5 O-O-O 11. Nc4 Rd5 12. Qa4 b5 13. Qa6+ Kd7 14.
e3 Qc5 15. Nd2 Nf6 16. Rd1 Nb4 17. Qa5 Ke7 18. Be2 Rhd8 19. Bf3 Rxd2 20. Rxd2
Rxd2 21. Kxd2 Qc2+ 0-1

[Event "XIII Abierto de La Pobla de Lillet"]
[Site "Barcelona"]
[Date "2003.??.??"]
[Round "7"]
[White "Mitjavila Badia, Josep"]
[Black "Mila Tejera, Jordi"]
[Result "0-1"]
[WhiteElo "2136"]
[BlackElo "2043"]
[PlyCount "78"]
[EventDate "2003.08.02"]
[Source "lmi"]
[SourceDate "2003.08.10"]

1. d4 Nf6 2. Nf3 c5 3. e3 e6 4. Bd3 Nc6 5. c3 d5 6. O-O Qc7 7. Nbd2 b6 8. Bb5
Bb7 9. Ne5 a6 10. Bxc6+ Bxc6 11. f4 Bd6 12. Qf3 O-O-O 13. Nxc6 Qxc6 14. b3 Ne4
15. Nxe4 dxe4 16. Qe2 Kb7 17. Bb2 Rhe8 18. a4 Rc8 19. c4 cxd4 20. Bxd4 g6 21.
Qc2 Bc5 22. Rad1 Rcd8 23. Qc3 a5 24. Kf2 f5 25. Ke2 Kc8 26. Bxc5 Qxc5 27. h3
Rxd1 28. Rxd1 e5 29. Rd5 Qa3 30. fxe5 Re6 31. Qd2 Qe7 32. Qd4 Qg5 33. Kd1 Qe7
34. c5 Qc7 35. cxb6 Qxb6 36. Qxb6 Rxb6 37. Rb5 Ra6 38. Rc5+ Kd7 39. Kc2 Rc6 0-1

[Event "XIII Abierto de La Pobla de Lillet"]
[Site "Barcelona"]
[Date "2003.??.??"]
[Round "7"]
[White "Gomez Velasco, Juan Pablo"]
[Black "Oms Fuentes, Lluis"]
[Result "0-1"]
[WhiteElo "2098"]
[BlackElo "2126"]
[PlyCount "84"]
[EventDate "2003.08.02"]
[Source "lmi"]
[SourceDate "2003.08.10"]

1. d4 f5 2. c4 d6 3. Nf3 g6 4. g3 Bg7 5. Bg2 Nf6 6. O-O O-O 7. Nc3 Nc6 8. Bf4
Nh5 9. Bg5 h6 10. Bd2 e5 11. dxe5 dxe5 12. e4 f4 13. Nh4 Kh7 14. Bf3 Nf6 15.
Nd5 Nd4 16. Bb4 Re8 17. Ng2 c6 18. Nxf6+ Qxf6 19. gxf4 exf4 20. Bc3 g5 21. Kh1
Bh3 22. Re1 Qe5 23. Bg4 Bxg4 24. Qxg4 Qe6 25. Qxe6 Nxe6 26. Bxg7 Kxg7 27. Rad1
Rad8 28. f3 Kf6 29. h4 Nc5 30. hxg5+ hxg5 31. Kg1 Nd3 32. Re2 Ne5 33. Rxd8 Rxd8
34. Kf2 Nxc4 35. b3 Ne5 36. Ne1 c5 37. Rc2 b6 38. Ke2 Rh8 39. Kd1 Rh1 40. Rc3
g4 41. Ke2 g3 42. a4 Nc6 0-1

[Event "XIII Abierto de La Pobla de Lillet"]
[Site "Barcelona"]
[Date "2003.??.??"]
[Round "7"]
[White "Basas Gamazo, Josep"]
[Black "Dischinger, Frank"]
[Result "0-1"]
[WhiteElo "2045"]
[BlackElo "2227"]
[PlyCount "118"]
[EventDate "2003.08.02"]
[Source "lmi"]
[SourceDate "2003.08.10"]

1. e4 Nf6 2. e5 Nd5 3. d4 d6 4. c4 Nb6 5. exd6 cxd6 6. Nc3 g6 7. Be3 Bg7 8. Rc1
O-O 9. Nf3 Bg4 10. b3 d5 11. c5 Nc8 12. Be2 Nc6 13. O-O a5 14. a3 e6 15. Rb1
N8e7 16. b4 axb4 17. axb4 Bxf3 18. Bxf3 Nf5 19. Nb5 Qf6 20. Qb3 Nfxd4 21. Nxd4
Nxd4 22. Bxd4 Qxd4 23. Rfd1 Qc3 24. Qxc3 Bxc3 25. Rdc1 Bd4 26. Kf1 Ra2 27. Be2
Rb2 28. Rxb2 Bxb2 29. Rb1 Bd4 30. Rd1 Bc3 31. Rb1 Ra8 32. g3 Ra1 33. Rxa1 Bxa1
34. b5 Kf8 35. c6 bxc6 36. bxc6 Ke7 37. Bb5 Be5 38. Ba6 Bc7 39. Ke2 Kd6 40. Bb5
e5 41. f3 f5 42. h3 Kc5 43. Ba4 e4 44. g4 Kb4 45. Bc2 Kc3 46. Bb1 Kd4 47. Bc2
Ke5 48. Bb3 d4 49. gxf5 d3+ 50. Kd2 gxf5 51. fxe4 fxe4 52. Bd1 Kd4 53. Bh5 Ba5+
54. Kd1 Ke3 55. Bg4 Kf4 56. Bh5 Kg3 57. Bg4 e3 58. Be2 dxe2+ 59. Kxe2 Kf4 0-1

[Event "XIII Abierto de La Pobla de Lillet"]
[Site "Barcelona"]
[Date "2003.??.??"]
[Round "7"]
[White "Orriols Miro, Clara"]
[Black "Melchor Muñoz, Alejandro"]
[Result "1/2-1/2"]
[WhiteElo "2024"]
[BlackElo "2134"]
[PlyCount "90"]
[EventDate "2003.08.02"]
[Source "lmi"]
[SourceDate "2003.08.10"]

1. e4 c5 2. Nf3 a6 3. c4 Nc6 4. d4 cxd4 5. Nxd4 Qb6 6. Nb3 Nf6 7. Nc3 e6 8. Be3
Qc7 9. Be2 Bb4 10. Qc2 Ne5 11. a3 Be7 12. Nd2 O-O 13. h3 d6 14. O-O b6 15. f4
Ned7 16. g4 h6 17. Qd1 Bb7 18. Bd3 Nc5 19. Bc2 Rac8 20. b4 Ncd7 21. h4 d5 22.
g5 hxg5 23. hxg5 Nxe4 24. Ncxe4 dxe4 25. Qh5 b5 26. Rf2 f5 27. Rh2 Nf6 28. gxf6
Bxf6 29. Rd1 Rfd8 30. c5 Kf8 31. Qg6 Qf7 32. Rh8+ Ke7 33. Qxf7+ Kxf7 34. Rxd8
Rxd8 35. Nb1 Rxd1+ 36. Bxd1 e5 37. Kf2 exf4 38. Bxf4 g5 39. Bc1 f4 40. Bg4 e3+
41. Bxe3 fxe3+ 42. Kxe3 Bb2 43. Kd3 Kf6 44. Kc2 Be5 45. Nd2 Bf4 1/2-1/2

[Event "XIII Abierto de La Pobla de Lillet"]
[Site "Barcelona"]
[Date "2003.??.??"]
[Round "7"]
[White "Ayza Leon, David"]
[Black "Garcia Miracle, Joan Josep"]
[Result "1/2-1/2"]
[WhiteElo "2030"]
[BlackElo "2106"]
[PlyCount "60"]
[EventDate "2003.08.02"]
[Source "lmi"]
[SourceDate "2003.08.10"]

1. e4 c5 2. Nf3 e6 3. d4 cxd4 4. Nxd4 Nf6 5. Nc3 d6 6. Bg5 a6 7. Qd2 Be7 8.
O-O-O b5 9. Bxf6 Bxf6 10. Kb1 Bd7 11. f4 b4 12. Nce2 Qb6 13. Nf3 Be7 14. e5 d5
15. g4 Nc6 16. Ned4 O-O-O 17. Nxc6 Bxc6 18. Nd4 Kb7 19. Nxc6 Qxc6 20. Bg2 Rc8
21. h4 Rc7 22. Rc1 Rhc8 23. c4 bxc3 24. Rxc3 Qa4 25. Rxc7+ Rxc7 26. h5 Bb4 27.
Qd3 Qc6 28. a3 Bf8 29. Rd1 Qc4 30. Bf1 Qxd3+ 1/2-1/2

[Event "XIII Abierto de La Pobla de Lillet"]
[Site "Barcelona"]
[Date "2003.??.??"]
[Round "8"]
[White "De la Paz, Frank"]
[Black "Peralta, Fernando"]
[Result "1-0"]
[WhiteElo "2442"]
[BlackElo "2505"]
[PlyCount "69"]
[EventDate "2003.08.02"]
[Source "lmi"]
[SourceDate "2003.08.10"]

1. e4 d6 2. d4 Nf6 3. Nc3 g6 4. f4 Bg7 5. Nf3 c5 6. Bb5+ Bd7 7. e5 Ng4 8. Bxd7+
Qxd7 9. d5 dxe5 10. h3 e4 11. hxg4 exf3 12. Qxf3 Na6 13. Bd2 O-O-O 14. O-O-O f5
15. gxf5 gxf5 16. Be1 Nc7 17. Rh5 Bd4 18. Bf2 e6 19. Bxd4 cxd4 20. Rxd4 exd5
21. Qh3 Rdf8 22. Qd3 Qe6 23. Rh1 Rd8 24. Rd1 Rhg8 25. Qf3 h5 26. R4d2 h4 27.
Qf2 Rg4 28. Qxa7 Rxf4 29. Na4 Rb4 30. a3 Rb5 31. c4 Qc6 32. Kb1 Rb3 33. cxd5
Qa6 34. Qd4 Nxd5 35. Qc5+ 1-0

[Event "XIII Abierto de La Pobla de Lillet"]
[Site "Barcelona"]
[Date "2003.??.??"]
[Round "8"]
[White "Baches Garcia, Guillermo"]
[Black "Movsziszian, Karen"]
[Result "1-0"]
[WhiteElo "2399"]
[BlackElo "2461"]
[PlyCount "39"]
[EventDate "2003.08.02"]
[Source "lmi"]
[SourceDate "2003.08.10"]

1. e4 g6 2. d4 Bg7 3. Nc3 d6 4. f4 c6 5. Be3 Qb6 6. a3 e5 7. Nf3 Nd7 8. Bc4
Ngf6 9. Qd2 Ng4 10. Bg1 exf4 11. h3 Ne3 12. Bxe3 fxe3 13. Qxe3 O-O 14. O-O-O
Qa5 15. Qg5 b5 16. Bb3 c5 17. Nd5 Bb7 18. h4 h6 19. Ne7+ Kh8 20. h5 1-0

[Event "XIII Abierto de La Pobla de Lillet"]
[Site "Barcelona"]
[Date "2003.??.??"]
[Round "8"]
[White "Pogorelov, Ruslan"]
[Black "Moreno de la Fuente, Jose A"]
[Result "1-0"]
[WhiteElo "2449"]
[BlackElo "2128"]
[PlyCount "57"]
[EventDate "2003.08.02"]
[Source "lmi"]
[SourceDate "2003.08.10"]

1. Nf3 e6 2. c4 f5 3. g3 Nf6 4. Bg2 Be7 5. O-O O-O 6. d4 d6 7. Nc3 Ne4 8. Qc2
Nxc3 9. Qxc3 a5 10. Qc2 Nc6 11. d5 Nb4 12. Qd2 e5 13. a3 Na6 14. Qxa5 Bd7 15.
Qc3 g5 16. b4 h5 17. Bb2 Rf7 18. Nd2 Bf6 19. Qc2 Kg7 20. c5 h4 21. Nc4 Qe7 22.
c6 bxc6 23. dxc6 Be6 24. b5 Nc5 25. b6 cxb6 26. Nxb6 Ra7 27. Nd5 Qe8 28. Nxf6
Kxf6 29. Bxe5+ 1-0

[Event "XIII Abierto de La Pobla de Lillet"]
[Site "Barcelona"]
[Date "2003.??.??"]
[Round "8"]
[White "Mila Tejera, Jordi"]
[Black "Borges Mateos, Juan"]
[Result "0-1"]
[WhiteElo "2043"]
[BlackElo "2441"]
[PlyCount "52"]
[EventDate "2003.08.02"]
[Source "lmi"]
[SourceDate "2003.08.10"]

1. d4 e6 2. e4 d5 3. Nc3 Nf6 4. Bg5 dxe4 5. Nxe4 Be7 6. Bxf6 gxf6 7. Nf3 b6 8.
Bb5+ c6 9. Bd3 Nd7 10. Qe2 Qc7 11. Ba6 Bxa6 12. Qxa6 b5 13. Nc5 Nxc5 14. dxc5
Bxc5 15. a4 Qb6 16. Qxb6 axb6 17. b3 bxa4 18. Rxa4 Rxa4 19. bxa4 Rg8 20. O-O
Rg4 21. Ra1 Rf4 22. a5 b5 23. a6 Ra4 24. Rxa4 bxa4 25. Nd2 Kd8 26. Kf1 Kc7 0-1

[Event "XIII Abierto de La Pobla de Lillet"]
[Site "Barcelona"]
[Date "2003.??.??"]
[Round "8"]
[White "Jose Iraeta, Alexandre"]
[Black "Peric, Slavisa"]
[Result "0-1"]
[WhiteElo "2191"]
[BlackElo "2251"]
[PlyCount "82"]
[EventDate "2003.08.02"]
[Source "lmi"]
[SourceDate "2003.08.10"]

1. d4 d5 2. Nf3 c6 3. c4 Nf6 4. e3 a6 5. c5 Nbd7 6. b4 g6 7. Bb2 Bg7 8. h3 Ne4
9. Nbd2 f5 10. Qc2 Qc7 11. h4 O-O 12. Be2 Nxd2 13. Qxd2 Nf6 14. g3 Ne4 15. Qc2
h6 16. Ne5 Kh7 17. Bf3 Be6 18. a4 Rac8 19. a5 Nf6 20. Qe2 Nd7 21. Nxd7 Bxd7 22.
Rd1 Rce8 23. Kf1 Bf6 24. Bg2 e5 25. dxe5 Bxe5 26. Bxe5 Qxe5 27. Rd4 Kg7 28. Qf3
Re7 29. Kg1 Qf6 30. Bf1 Re4 31. Qd1 Rxd4 32. exd4 f4 33. g4 f3 34. Bh3 Qxh4 35.
Qe1 Re8 36. Qc1 Re2 37. Rh2 Qf6 38. Bf1 Qg5 39. Qd1 Qxg4+ 40. Kh1 Re7 41. Bh3
Qe4 0-1

[Event "XIII Abierto de La Pobla de Lillet"]
[Site "Barcelona"]
[Date "2003.??.??"]
[Round "8"]
[White "Oms Fuentes, Lluis"]
[Black "Asensio Lisan, Teodoro"]
[Result "1/2-1/2"]
[WhiteElo "2126"]
[BlackElo "2222"]
[PlyCount "42"]
[EventDate "2003.08.02"]
[Source "lmi"]
[SourceDate "2003.08.10"]

1. b3 d5 2. Bb2 e6 3. e3 Nf6 4. f4 b6 5. Nf3 Ba6 6. d3 Be7 7. Nbd2 O-O 8. Ne5
Nfd7 9. Ndf3 f6 10. Nxd7 Qxd7 11. Be2 Bc5 12. d4 Bb4+ 13. c3 Bd6 14. Bxa6 Nxa6
15. Qe2 Qc8 16. O-O f5 17. c4 c6 18. cxd5 cxd5 19. Rac1 Nc7 20. Rc6 Rd8 21.
Rfc1 Qd7 1/2-1/2

[Event "XIII Abierto de La Pobla de Lillet"]
[Site "Barcelona"]
[Date "2003.??.??"]
[Round "8"]
[White "Dischinger, Frank"]
[Black "Fabre Massana, Miquel"]
[Result "1-0"]
[WhiteElo "2227"]
[BlackElo "2115"]
[PlyCount "135"]
[EventDate "2003.08.02"]
[Source "lmi"]
[SourceDate "2003.08.10"]

1. d4 Nf6 2. c4 e5 3. dxe5 Ne4 4. Nd2 Bb4 5. a3 Bxd2+ 6. Bxd2 Nxd2 7. Qxd2 Nc6
8. f4 f6 9. exf6 Qxf6 10. Nf3 d6 11. e3 Bg4 12. Nd4 O-O 13. Nxc6 bxc6 14. Bd3
Rab8 15. Rb1 Bf5 16. b4 Qh4+ 17. g3 Qh3 18. Rb2 Rbe8 19. Bf1 Qh6 20. Bg2 Qe6
21. Kf2 Be4 22. Bxe4 Qxe4 23. Rc1 Qf5 24. Rc3 Re4 25. b5 d5 26. cxd5 cxd5 27.
Rc5 Rd8 28. Qc3 Qh3 29. Kg1 d4 30. Qc4+ Kh8 31. Re2 dxe3 32. Rd5 Rxd5 33. Qxd5
Re8 34. Rxe3 Qc8 35. Rxe8+ Qxe8 36. Kf2 h6 37. f5 Qf8 38. a4 Kh7 39. Qe4 Qc5+
40. Kg2 Kh8 41. Kh3 Qf2 42. Qd3 Qb6 43. Kg4 Qf6 44. Qe4 Qg5+ 45. Kf3 Qd8 46. h4
Qd1+ 47. Kg2 Qd2+ 48. Kh3 Qf2 49. Kg4 Kg8 50. a5 Qc5 51. Qe8+ Kh7 52. Qg6+ Kg8
53. Qe8+ Kh7 54. a6 Qf2 55. Qe4 Kg8 56. Kh5 Kf8 57. g4 Qc5 58. Kg6 Qxb5 59.
Qa8+ Ke7 60. Kxg7 Qe5+ 61. Kg8 Qf6 62. Qe4+ Kd8 63. Qd5+ Ke7 64. Qc5+ Kd7 65.
Qb5+ Ke7 66. Qb4+ Kd7 67. Qf8 Qxh4 68. f6 1-0